000 00562nam a22002057a 4500
005 20140726082705.0
008 090723s2010 nyu 001 0 eng
020 _a9780071637169
024 0 _aeng
080 _a159.947.5
100 1 _aSeiden, Jason.
245 1 0 _aSuper staying power :
_cJason Seiden.
250 _a1 st.ed.;
260 _aNew York :
_bMcGraw-Hill,
_c2010.
300 _a196 f. ;
_c23 cm.
500 _aIndex f. 191-196
650 0 _aMotivimi
650 0 _aPuna
942 _2udc
_cBK
999 _c500
_d500